00302nam a2200109 a 4500008004100000020001500041050001600056100002100072245005300093260003700146350000900183120416s0000 ||||||||||||||||| || u a0814791735 aHG 3881 Wil aWilliamson, John14aThe failure of world monetary reforms, 1971-1974 aNew YorkbUniversity pressc1977 a0.00